Countries Sylvester Stallone has Visited - Statistics

General Stats
  • This quiz has been taken 17 times
  • The average score is 21 of 27
Answer Stats
Continent Country % Correct
Oceania Australia
93%
North America Canada
93%
Europe Germany
93%
Europe Spain
93%
Europe United Kingdom
93%
South America Brazil
86%
Asia China
86%
Africa Egypt
86%
Europe France
86%
Europe Italy
86%
Asia Japan
86%
Asia/ Europe Russia
86%
North America United States of America
86%
Europe Greece
79%
Europe Sweden
79%
Europe Switzerland
79%
Europe Denmark
71%
Europe Hungary
71%
North America Mexico
71%
Europe Bulgaria
64%
Asia Israel
64%
Asia Saudi Arabia
64%
Asia Thailand
64%
Asia United Arab Emirates
64%
Europe Monaco
57%
Europe Vatican City
57%
Europe Ukraine
50%
No matching quizzes found
Score Distribution
Percent of People with Each Score
Percentile by Number Answered
Your Score History
You have not taken this quiz